Diagnóstico y tratamiento de las relaciones familiares : psicodinamismos de la vida familiar /
Guardado en:
| Autor Principal: | |
|---|---|
| Formato: | Libro |
| Publicado: |
Buenos Aires :
Paidos,
1966
|
| Edición: | 2a. ed. |
| Materias: | |
| Etiquetas: |
Agregar Etiqueta
Sin Etiquetas, Sea el primero en etiquetar este registro!
|
| LEADER | 01612nam a22002055a 4500 | ||
|---|---|---|---|
| 001 | CEM.cems000311 | ||
| 005 | 20061013164806.0 | ||
| 008 | 130507s1966##################000#0#####d | ||
| 003 | CEMS | ||
| 082 | 0 | 4 | |a 136.2 |
| 100 | 1 | |a Ackerman, Nathan W. | |
| 245 | 1 | 0 | |a Diagnóstico y tratamiento de las relaciones familiares : |b psicodinamismos de la vida familiar / |c Nathan W. Ackerman |
| 250 | |a 2a. ed. | ||
| 260 | |a Buenos Aires : |b Paidos, |c 1966 | ||
| 300 | |a 430 p. | ||
| 505 | 0 | |a Salud mental -- Cambio social -- Familia -- Los psicodinamismos de la familia -- Freud y la concepción psicoanalística de la familia -- Freud y los conceptos cambiantes de la personalidad -- Rol social y personalidad -- La homeostasis del comportamiento -- Identidad familiar, estabilidad y fracaso -- Aspectos clínicos del diagnóstico familiar -- Perturbaciones de la conducta en la familia contemporánea -- Algunas técnicas especiales para el diagnóstico de la familia -- Perturbaciones de parejas matrimoniales -- Perturbaciones en parejas paternas -- Perturbaciones en la infancia -- Trastornos de la adolescencia -- Conducta psicopática del adolescente y perturbación familiar -- Enfermedad psicosomática y perturbación en la familia -- Aspectos terapéuticos -- Estado actual de la psicoterapia -- Técnicas de psicoterapia -- Los objetivos de la psicoterapia -- Terapia familiar integradora -- Investigación del problema familiar -- Valores, estructura familiar y salud mental | |
| 653 | |a Psicología | ||
| 653 | |a Familia-psicología | ||
| 653 | |a Familia | ||
| 859 | |a CEMS |b BIB. CEMS - 11 de abril |h 136.2 |i Ac57a2 |p 4834.76 |t Ej.1 | ||
